Miniaturas científicas / (Record no. 162721)

MARC details
000 -LEADER
campo de control de longitud fija 01130nam a2200253 i 4500
001 - NÚMERO DE CONTROL
campo de control 162721
003 - IDENTIFICADOR DE NÚMERO DE CONTROL
campo de control ES-MaACL
005 - FECHA Y HORA DE LA ÚLTIMA TRANSACCIÓN
campo de control 20250806054252.0
008 - DATOS DE LONGITUD FIJA--INFORMACIÓN GENERAL
campo de control de longitud fija 971003s1894 sp |||| | spa d
100 1# - ENTRADA PRINCIPAL--NOMBRE DE PERSONA
Nombre de persona Pulido, Ángel,
Fechas asociadas al nombre 1852-1932
9 (RLIN) 149324
245 10 - MENCIÓN DEL TÍTULO
Título Miniaturas científicas /
Mención de responsabilidad, etc. Dr. A. Pulido ; con un prólogo de D. José Echegaray.
260 ## - PUBLICACIÓN, DISTRIBUCIÓN, ETC.
Lugar de publicación, distribución, etc. Madrid :
Nombre del editor, distribuidor, etc. [s.n.],
Fecha de publicación, distribución, etc. 1894 (
Fabricante Estab. Tip. de E. Teodoro)
300 ## - DESCRIPCIÓN FÍSICA
Extensión XXVIII, 315 p. ;
Dimensiones 20 cm.
505 8# - NOTA DE CONTENIDO CON FORMATO
Nota de contenido con formato Contiene: Medicina árabe ; Educación física de la mujer ; El corro de las niñas ; Evolución de las enfermedades ; La medicina y la pintura ; El poema de la circulación
530 ## - NOTA DISPONIBLE DE FORMULARIO FÍSICO ADICIONAL
Nota de formato físico adicional disponible Disponible en formato digital.
596 ## - NOTA AL PIE DE IMPRENTA
NOTA AL PIE DE IMPRENTA En cub.: En venta en casa de Victoriano Suárez.
650 #7 - PUNTO DE ACCESO ADICIONAL DE MATERIA--TÉRMINO DE MATERIA
Término de materia o nombre geográfico como elemento de entrada Medicina árabe
Fuente del encabezamiento o término embne
9 (RLIN) 14919
650 #4 - PUNTO DE ACCESO ADICIONAL DE MATERIA--TÉRMINO DE MATERIA
Término de materia o nombre geográfico como elemento de entrada Medicina-
Subdivisión de forma Misceláneas.
9 (RLIN) 170607
650 #7 - PUNTO DE ACCESO ADICIONAL DE MATERIA--TÉRMINO DE MATERIA
Término de materia o nombre geográfico como elemento de entrada Medicina-
Subdivisión general En el arte
Fuente del encabezamiento o término
9 (RLIN) 148795
700 1# - ENTRADA AGREGADA--NOMBRE PERSONAL
Nombre de persona Echegaray, José,
Fechas asociadas al nombre 1832-1916
9 (RLIN) 46526
852 ## - LOCALIZACIÓN
Ubicación ES-MaACL
Número de control de estantería F-10369
Nota libre - Enc. hol.
856 ## - LOCALIZACIÓN Y ACCESO ELECTRÓNICOS
Identificador Uniforme de Recursos <a href="http://bdh-rd.bne.es/viewer.vm?id=0000091590&page=1 ">http://bdh-rd.bne.es/viewer.vm?id=0000091590&page=1 </a>
Nota pública Biblioteca Digital Hispánica
Holdings
Estatus retirado Estado de pérdida Estado de daño No para préstamo Colección Biblioteca de origen Biblioteca actual Ubicación en estantería Fecha de adquisición Fuente de adquisición Total de préstamos Signatura topográfica completa Código de barras Visto por última vez Precio de reemplazo Tipo de ítem Koha
        Colección digital Biblioteca del Ateneo de Madrid Biblioteca del Ateneo de Madrid Sala Pecera Planta 2 17/01/2008     F-10369 1170479 23/02/2023 23/02/2023 Libro impreso antiguo